Statistics for Toronto Blue Jays Level of Excellence

Click here to take the quiz!

General Stats

  • This quiz has been taken 59 times
    (41 since last reset)
  • The average score is 8 of 11

Answer Stats

Hint Answer % Correct
12Roberto Alomar
96%
29Joe Carter
93%
32Roy Halladay
82%
1Tony Fernandez
79%
37Dave Stieb
79%
GM Pat Gillick
68%
11George Bell
64%
25Carlos Delgado
64%
Radio BroadcasterTom Cheek
61%
43Cito Gaston
57%
President/CEOPaul Beeston
43%

Score Distribution

Percentile by Number Answered

Percent of People with Each Score

Your Score History

You have not taken this quiz since the last reset